000 01056nam a22003377a 4500
001 BR2018001015
003 BR-BrBNA
005 20230928105242.0
007 ta
008 230509b bl.||||| |||| 00| 0 por d
040 _aBR-BrBNA
_bpor
_cBiblioteca Nacional de Agricultura
041 _a(Por)
072 _aE21; F01; Q02
_b1190
090 _ 1190 BR2018001015
110 1 _aMinistério do Ambiente, dos Recursos Hídricos e da Amazônia Legal, Brasília, DF (Brasil)
_97475
110 1 _aServiço Brasileiro de Apoio às Micro e Pequenas Empresas, Brasília DF (Brasil)
245 1 _aGraviola; produtos potenciais da Amazônia
260 3 _aBrasília, DF (Brasil):
_c1998.
300 _a49 p.
500 _a5 tables; 12 ref.
650 _aGRAVIOLA
650 _aANNONA MURICATA
650 _aPLANTIO
650 _aCOMERCIALIZAÇÃO
650 _aCUSTO DE PRODUÇÃO
650 _aPROPRIEDADE ORGANOLÉPTICA
650 _aTECNOLOGIA DE ALIMENTO
650 _aDESPOLPAMENTO
909 _a202309
_bLucia
_c55
_dLucia Elande
942 _cBK
999 _c84290
_d84290